Nonlinear evolution equations and applications

Αποθηκεύτηκε σε:
Λεπτομέρειες βιβλιογραφικής εγγραφής
Κύριος συγγραφέας: Morosanu, Gheorghe
Μορφή: Βιβλίο
Γλώσσα:English
Romany
Δημοσίευση: Bucuresti, Romania : Dordrecht : Boston : Norwell, MA : Editura Academiei, D. Reidel, Distributors for the U.S.A. and Canada, Kluwer Academic Publishers, 1988
Έκδοση:2nd ed
Σειρά:Mathematics and its applications. East European series
Θέματα:
Ετικέτες: Προσθήκη ετικέτας
Δεν υπάρχουν, Καταχωρήστε ετικέτα πρώτοι!

MARC

LEADER 00000cam a2200000 i 4500
001 1/31235
008 941103s1988 eng d
020 |a 9027724865 
035 |l 10038773 
035 |a 1993  |c ΚΑΝΔΥΛΑΚΗΣ 
040 |a GR-MY-UA  |b gre  |e aacr 
041 1 |a eng  |h rom 
082 0 |a 515.353  |2 (19) 
100 1 |a Morosanu, Gheorghe. 
245 1 0 |a Nonlinear evolution equations and applications /  |c Gheorghe Morosanu ; translated from the Romanian by Gheorghe Moroχsanu 
250 |a 2nd ed 
260 |a Bucuresti, Romania :   |a Dordrecht :   |a Boston :   |a Norwell, MA :   |b Editura Academiei,   |b D. Reidel,   |b Distributors for the U.S.A. and Canada, Kluwer Academic Publishers,   |c 1988 
300 |a xii, 340 p.;  |c 23 cm 
490 1 |a Mathematics and its applications. East European series 
500 |a Translation of: Ecuaχtii neliniare de evoluχtie χsi aplicaχtii 
500 |a Includes index 
504 |a Bibliography: p. [329]-337 
650 0 0 |a Evolution equations, Nonlinear. 
830 0 |a Mathematics and its applications. East European series 
852 |a INST  |b SAMOS  |e 19941103  |h 515.353 MOR  |p 005300009759  |q 005300009759  |t BK  |y 0 
909 |a Σ  |b 025675